000 00697nam a22002057a 4500
003 OSt
005 20250731022822.0
008 250731b |||||||| |||| 00| 0 eng d
020 _a 978-971-23-6454-9
040 _aDWCL-Main lib
_cOC
082 _aFil. 346.599 D377L 2013
100 _aDe Leon, Hector S.
245 _aThe law on partnerships and private corporations/
_cHector S. De Leon
250 _a2013 edition.
260 _a Manila, Phils. :
_bPublished & distributed by Rex Book Store,
_cc2013.
300 _axxvii, 623 pages ;
_c22 cm.
650 _a1. Partnerships--Philippines.
650 _a2. Corporation law--Philippines.
942 _2ddc
_cBK - FIL
_e2013 edition.
_kFil.
_n0
999 _c3911
_d3911